Pekeliling kemajuan pentadbiran awam : (Record no. 181)
[ view plain ]
| 000 -LEADER | |
|---|---|
| fixed length control field | nam a22 a 4500 |
| 005 - DATE AND TIME OF LATEST TRANSACTION | |
| control field | 20170425101040.0 |
| 008 - FIXED-LENGTH DATA ELEMENTS--GENERAL INFORMATION | |
| fixed length control field | 170425s2005 my ||||| |||| 00| 0 may d |
| 020 ## - INTERNATIONAL STANDARD BOOK NUMBER | |
| International Standard Book Number | 967700834X (2005) |
| 040 ## - CATALOGING SOURCE | |
| Original cataloging agency | AKMAL |
| 082 ## - DEWEY DECIMAL CLASSIFICATION NUMBER | |
| Classification number | 354.595 PEK |
| 090 ## - LOCALLY ASSIGNED LC-TYPE CALL NUMBER (OCLC); LOCAL CALL NUMBER (RLIN) | |
| Classification number (OCLC) (R) ; Classification number, CALL (RLIN) (NR) | 354.595 |
| Local cutter number (OCLC) ; Book number/undivided call number, CALL (RLIN) | PEK |
| 110 ## - MAIN ENTRY--CORPORATE NAME | |
| Corporate name or jurisdiction name as entry element | Malaysia |
| 9 (RLIN) | 400 |
| 245 ## - TITLE STATEMENT | |
| Title | Pekeliling kemajuan pentadbiran awam : |
| Remainder of title | semua pindaan hingga Januari 2005 / |
| Statement of responsibility, etc. | disusun semula oleh penasihat undang-undang MDC |
| 260 ## - PUBLICATION, DISTRIBUTION, ETC. | |
| Place of publication, distribution, etc. | Kuala Lumpur : |
| Name of publisher, distributor, etc. | MDC Publishers, |
| Date of publication, distribution, etc. | 2205 |
| 300 ## - PHYSICAL DESCRIPTION | |
| Extent | 682ms. |
| Dimensions | 26cm |
| 500 ## - GENERAL NOTE | |
| General note | Cetakan Ketigabelas 2005 |
| 599 ## - LOCAL NOTE | |
| Local Note | DALAM PROSES |
| 650 10 - SUBJECT ADDED ENTRY--TOPICAL TERM | |
| Topical term or geographic name entry element | Office practice in government |
| Form subdivision | Handbooks, manuals, etc |
| Geographic subdivision | Malaysia |
| 9 (RLIN) | 401 |
| 650 20 - SUBJECT ADDED ENTRY--TOPICAL TERM | |
| Topical term or geographic name entry element | Civil service ethics |
| Form subdivision | Handbooks, manuals, etc. |
| Geographic subdivision | Malaysia. |
| 9 (RLIN) | 402 |
| 710 2# - ADDED ENTRY--CORPORATE NAME | |
| Corporate name or jurisdiction name as entry element | Penasihat Undang-Undang MDC |
| 9 (RLIN) | 405 |
| 942 ## - ADDED ENTRY ELEMENTS (KOHA) | |
| Source of classification or shelving scheme | |
| Koha item type | Book |
| Withdrawn status | Lost status | Source of classification or shelving scheme | Damaged status | Not for loan | Collection code | Home library | Current library | Shelving location | Date acquired | Inventory number | Total Checkouts | Full call number | Barcode | Date last seen | Price effective from | Koha item type |
|---|---|---|---|---|---|---|---|---|---|---|---|---|---|---|---|---|
| NON-FICTION | AKMAL Melaka | AKMAL Melaka | PINJAMAN | 25.04.2017 | 304120 | 354.595 PEK | 201700313 | 25.04.2017 | 25.04.2017 | Book | ||||||
| NON-FICTION | AKMAL Melaka | AKMAL Melaka | PINJAMAN | 25.04.2017 | 304122 | 354.595 PEK | 201700316 | 25.04.2017 | 25.04.2017 | Book | ||||||
| NON-FICTION | AKMAL Melaka | AKMAL Melaka | PINJAMAN | 25.04.2017 | 304123 | 354.595 PEK | 201700310 | 25.04.2017 | 25.04.2017 | Book | ||||||
| NON-FICTION | AKMAL Melaka | AKMAL Melaka | PINJAMAN | 25.04.2017 | 304124 | 354.595 PEK | 201700312 | 25.04.2017 | 25.04.2017 | Book |
